<?xml version="1.0" encoding="UTF-8"?><?xml-stylesheet type="text/xsl" href="static/style.xsl"?><OAI-PMH xmlns="http://www.openarchives.org/OAI/2.0/" xmlns:xsi="http://www.w3.org/2001/XMLSchema-instance" xsi:schemaLocation="http://www.openarchives.org/OAI/2.0/ http://www.openarchives.org/OAI/2.0/OAI-PMH.xsd"><responseDate>2026-04-18T07:11:43Z</responseDate><request verb="GetRecord" identifier="oai:www.recercat.cat:20.500.12327/790" metadataPrefix="marc">https://recercat.cat/oai/request</request><GetRecord><record><header><identifier>oai:recercat.cat:20.500.12327/790</identifier><datestamp>2025-10-22T11:32:22Z</datestamp><setSpec>com_2072_4428</setSpec><setSpec>com_2072_4427</setSpec><setSpec>col_2072_487898</setSpec></header><metadata><record xmlns="http://www.loc.gov/MARC21/slim" xmlns:dcterms="http://purl.org/dc/terms/" xmlns:xsi="http://www.w3.org/2001/XMLSchema-instance" xmlns:doc="http://www.lyncode.com/xoai" xsi:schemaLocation="http://www.loc.gov/MARC21/slim http://www.loc.gov/standards/marcxml/schema/MARC21slim.xsd">
   <leader>00925njm 22002777a 4500</leader>
   <datafield ind2=" " ind1=" " tag="042">
      <subfield code="a">dc</subfield>
   </datafield>
   <datafield ind2=" " ind1=" " tag="720">
      <subfield code="a">Nordi, Wiolene M.</subfield>
      <subfield code="e">author</subfield>
   </datafield>
   <datafield ind2=" " ind1=" " tag="720">
      <subfield code="a">Marti, Sonia</subfield>
      <subfield code="e">author</subfield>
   </datafield>
   <datafield ind2=" " ind1=" " tag="720">
      <subfield code="a">Gellatlya, Désirée</subfield>
      <subfield code="e">author</subfield>
   </datafield>
   <datafield ind2=" " ind1=" " tag="720">
      <subfield code="a">Meléndez, Daniela M.</subfield>
      <subfield code="e">author</subfield>
   </datafield>
   <datafield ind2=" " ind1=" " tag="720">
      <subfield code="a">González, Luciano A.</subfield>
      <subfield code="e">author</subfield>
   </datafield>
   <datafield ind2=" " ind1=" " tag="720">
      <subfield code="a">McAllister, Tim A.</subfield>
      <subfield code="e">author</subfield>
   </datafield>
   <datafield ind2=" " ind1=" " tag="720">
      <subfield code="a">Fierheller, Erin E.</subfield>
      <subfield code="e">author</subfield>
   </datafield>
   <datafield ind2=" " ind1=" " tag="720">
      <subfield code="a">Caulkett, Nigel A.</subfield>
      <subfield code="e">author</subfield>
   </datafield>
   <datafield ind2=" " ind1=" " tag="720">
      <subfield code="a">Janzen, Eugene</subfield>
      <subfield code="e">author</subfield>
   </datafield>
   <datafield ind2=" " ind1=" " tag="720">
      <subfield code="a">Schwartzkopf-Genswein, Karen S.</subfield>
      <subfield code="e">author</subfield>
   </datafield>
   <datafield ind2=" " ind1=" " tag="260">
      <subfield code="c">2019-10-19</subfield>
   </datafield>
   <datafield ind2=" " ind1=" " tag="520">
      <subfield code="a">One hundred and seventy-four Angus bull calves (248 ± 27.1 kg of body weight (BW), 6-mo-old) were used in a 71 d study to assess the efficacy of the combination of flunixin meglumine and lidocaine in mitigating pain associated with band and knife castration. The experiment consisted of a 3 × 2 factorial design that included castration method -sham (C), band (B) or knife (K); and medication – lidocaine (scrotal ring block 30 mL, 2% HCl lidocaine) and flunixin meglumine (single s.c. dose of 2.2 mg/kg BW) (M), or saline solution (NM). Animals were weighed on d 0 and weekly until d 71 (final BW) post-castration to obtain ADG. Physiological indicators included salivary cortisol collected on d 0 (30, 60, 120 and 240 min), d 2, 8, and weekly until d 48 post-castration; scrotal and eye temperature assessed on d 1, 2, 6, 8, and weekly until d 36 post-castration; fecal samples for E. coli collected on d 0, 2, 6, 8, and 22 post-castration. Behavioral measures included stride length on d 0, 8, and weekly until d 36, visual analog scale (VAS) evaluated during castration, and feeding behavior collected daily from d 0 to d 71 post-castration. Final BW and ADG were greater (P &lt; 0.05) in C than B and K castrated calves. Salivary cortisol concentrations were greater (P &lt; 0.05) in B and K calves than C calves up to 4-h post-castration, and remained greater in K calves up to 48-h post-castration, while concentrations were lower (P = 0.01) in M than NM calves. Fecal E. coli varied daily (P = 0.01) however, there was no obvious pattern over time. Scrotal temperature was greatest (P &lt; 0.05) in K, intermediate in C and lowest in B calves, except at 30 min, and 22 and 36 d post-castration where they did not differ from C calves. Eye temperature was greater (P &lt; 0.05) in B and K than C calves on d 2 and 8 post-castration. No differences (P > 0.10) were observed for stride length. The VAS scores were greater (P = 0.01) in K than C and B calves, while NM had greater scores (P &lt; 0.01) than M calves. Dry matter intake and meal size were greater (P = 0.05) in M than NM calves. Meal duration was greater (P = 0.01) in B and C than K calves on d 0, while K calves had greater (P &lt; 0.01) meal duration than C calves 1 and 2-wk post-castration. Overall, the combination of flunixin meglumine and lidocaine reduced physiological and behavioral indicators of pain, suggesting that their combined use was effective at mitigating pain associated with band and knife castration.</subfield>
   </datafield>
   <datafield ind1="8" ind2=" " tag="024">
      <subfield code="a">Nordi, Wiolene M., Sonia Marti, Désirée Gellatly, Daniela M. Meléndez, Luciano A. González, Tim A. McAllister, Erin E. Fierheller, Nigel A. Caulkett, Eugene Janzen, and Karen S. Schwartzkopf-Genswein. 2019. "Effect Of Preemptive Flunixin Meglumine And Lidocaine On Behavioral And Physiological Indicators Of Pain Post-Band And Knife Castration In 6-Mo-Old Beef Calves". Livestock Science 230: 103838. Elsevier BV. doi:10.1016/j.livsci.2019.103838.</subfield>
   </datafield>
   <datafield ind1="8" ind2=" " tag="024">
      <subfield code="a">1871-1413</subfield>
   </datafield>
   <datafield ind1="8" ind2=" " tag="024">
      <subfield code="a">http://hdl.handle.net/20.500.12327/790</subfield>
   </datafield>
   <datafield ind1="8" ind2=" " tag="024">
      <subfield code="a">https://doi.org/10.1016/j.livsci.2019.103838</subfield>
   </datafield>
   <datafield ind2="0" ind1="0" tag="245">
      <subfield code="a">Effect of preemptive flunixin meglumine and lidocaine on behavioral and physiological indicators of pain post-band and knife castration in 6-mo-old beef calves</subfield>
   </datafield>
</record></metadata></record></GetRecord></OAI-PMH>